000 00987nam a2200253 i 4500
001 bg
245 0 0 _aKomentarz do kodeksu cywilnego.
_nKs.3.
_nT. 2,
_pZobowiązania /
_cGerard Bieniek [et al.] ; pod red. Gerarda Bieńka ; [poszczeg. cz. Komentarza oprac. Gerard Bieniek et al.].
250 _aWyd. 3 zm. wg stanu prawnego na dzień 15 marca 2001 r.
260 _aWarszawa :
_bWydaw. Prawnicze,
_c2001.
300 _a771, [1] s. ;
_c25 cm.
490 1 _aKomentarze Wydawnictwa Prawniczego
500 _aAut. ks. 1: Stanisław Dmowski, Stanisław Rudnicki.
504 _aBibliogr. przy rozdz. - Indeks.
650 9 _aPrawo zobowiązaniowe
_zPolska
_ystan na 2001 r.
700 1 _aBIENIEK, Gerard
_d(1941-2011).
830 _aKomentarze Wydawnictwa Prawniczego
020 _a8388296620 (ks. 3 t. 2)
040 _cBPK
041 0 _apl
080 _a347.41/.43(438)(094.4.07)
920 _a83-88296-62-0 (ks. 3 t. 2)
942 _cKS
008 s pl f |000 0 pol
999 _c39723
_d39723
856 _uhttp://koha.tu.koszalin.pl/cgi-bin/koha/opac-detail.pl?biblionumber=39723
_yKatalog online BPK